Lịch sử quan hệ quốc tế ở Đông Á từ sau chiến tranh thế giới thứ hai đến cuối chiến tranh lạnh : 1945 - 1991 /

Đã lưu trong:
書目詳細資料
主要作者: Lê Phụng Hoàng.
格式: Sách giấy
語言:Vietnamese
出版: TP. HCM : Đại học Sư phạm, 2009.
主題:
標簽: 添加標簽
沒有標簽, 成為第一個標記此記錄!
Thư viện lưu trữ: Thư viện Trường Đại học Đà Lạt
LEADER 01038nam a2200325 4500
001 DLU110120414
005 ##20110504
040 # # |a DLU  |b vie 
041 # # |a vie 
044 # # |a vn 
082 # # |a 327.59  |b LE-H 
100 # # |a Lê Phụng Hoàng. 
245 # # |a Lịch sử quan hệ quốc tế ở Đông Á từ sau chiến tranh thế giới thứ hai đến cuối chiến tranh lạnh :  |b 1945 - 1991 /  |c Lê Phụng Hoàng. 
260 # # |a TP. HCM :  |b Đại học Sư phạm,  |c 2009. 
300 # # |a 204 tr. ;  |c 21 cm. 
505 # # |a Chương I. Quan hệ quốc tế ở Đông Á trong những năm đầu sau chiến tranh -- Chương II. Quan hệ quốc tế ở Đông Á trong chiến tranh lạnh. 
653 # # |a Đông Á 
653 # # |a Giáo trình 
653 # # |a Quan hệ quốc tế 
923 # # |a 05/2011 
991 # # |a GT 
992 # # |a 14000 
994 # # |a DLU 
900 # # |a True 
911 # # |a Đào Thị Thu Huyền 
925 # # |a G 
926 # # |a A 
927 # # |a SH 
980 # # |a Thư viện Trường Đại học Đà Lạt